000 00298nam a22001337a 4500
020 _qPB.
040 _cFIZZA ISHAQ
082 _a624.151
_bTWI
100 _aWILLION, T.
_986378
245 _aSOIL MECHANICS /
_cT WILLION.
260 _aNEW YORK :
_c1969.
300 _a553 P. ;
942 _2ddc
_cBK
999 _c587299
_d587299